000 01052cam a22003375a 4500
001 016082835
003 EG-ScBUE
005 20220818091237.0
008 120501t2012 enka f b 001 0 eng d
020 _a9781856698771
020 _a1856698777
040 _aStDuBDS
_beng
_erda
_cStDuBDS
_dUk
_dEG-ScBUE
082 0 4 _222
_a701.85
_bHOR
100 1 _aHornung, David,
_d1950-
_eauthor.
245 1 0 _aColour :
_ba workshop for artists and designers /
_cDavid Hornung.
250 _aSecond edition.
264 1 _aLondon :
_bLaurence King Publishing Ltd,
_c[2012]
264 4 _cc2012
300 _a168 pages :
_billustrations ;
_c28 cm
336 _2rdacontent
_atext
_btxt
337 _2rdamedia
_aunmediated
_bn
338 _2rdacarrier
_avolume
_bnc
500 _aPrevious ed. : 2005.
504 _aIncludes bibliographical references and index.
650 7 _aColor in art.
_2BUEsh
_937973
650 7 _aColor in design.
_2BUEsh
_941429
651 _2BUEsh
653 _bCOMAME
_cNovember2017
655 _vReading book
_934232
942 _2ddc
_cBB
999 _c25637
_d25609